[Event "Mexico op"]
[Site "MEX"]
[Date "1981.??.??"]
[Round "?"]
[White "Palos, Enrique"]
[Black "Nickoloff, Bryon"]
[Result "0-1"]
[WhiteElo "2220"]
[BlackElo "2410"]
[PlyCount "82"]
[EventDate "1981.??.??"]
[EventType "tourn"]
[EventCountry "MEX"]

1. e4 c5 2. Nf3 Nc6 3. d4 cxd4 4. Nxd4 Nf6 5. Nc3 e6 6. Ndb5 d6 7. Bf4 e5 8.
Bg5 a6 9. Bxf6 gxf6 10. Na3 Be6 11. Bc4 b5 12. Bd5 Rc8 13. Ne2 Ne7 14. Bxe6
fxe6 15. O-O d5 16. Ng3 Ng6 17. Qg4 Kf7 18. Rad1 d4 19. Nh5 Bxa3 20. bxa3 Rxc2
21. f4 Rg8 22. fxe5 Nxe5 23. Rxf6+ Qxf6 24. Qxg8+ Kxg8 25. Nxf6+ Kf7 26. Nxh7
d3 27. Ng5+ Kf6 28. Nf3 Nxf3+ 29. gxf3 d2 30. Kf2 Rxa2 31. f4 a5 32. Ke2 Rxa3
33. Rxd2 Ke7 34. Rc2 Rb3 35. h4 a4 36. h5 Kd6 37. Rd2+ Kc5 38. Rd3 Rb2+ 39. Rd2
a3 40. h6 Rxd2+ 41. Kxd2 a2 0-1

[Event "Puebla"]
[Site "MEX"]
[Date "1981.??.??"]
[Round "?"]
[White "Nickoloff, Bryon"]
[Black "De Winter, Willy"]
[Result "1-0"]
[WhiteElo "2410"]
[BlackElo "2120"]
[PlyCount "57"]
[EventDate "1981.??.??"]
[EventCountry "MEX"]

1. e4 c5 2. c3 d5 3. exd5 Qxd5 4. d4 Nc6 5. Nf3 cxd4 6. cxd4 e6 7. Be2 Bb4+ 8.
Nc3 Nf6 9. O-O Bxc3 10. bxc3 O-O 11. Re1 Bd7 12. c4 Qd6 13. Bb2 Rfd8 14. Rc1
Be8 15. Bd3 Rd7 16. Bb1 Rad8 17. Qc2 g6 18. Qc3 Nxd4 19. Nxd4 Qxd4 20. Qa3 Qh4
21. g3 Qh3 22. Bxf6 Rc8 23. Ba1 f6 24. Be4 h5 25. Qf3 Rf7 26. Bxg6 Bc6 27.
Bxf7+ Kf8 28. Bxe6 Bxf3 29. Bxh3 1-0

[Event "Toronto-Tch"]
[Site "Toronto CAN"]
[Date "1981.11.15"]
[Round "?"]
[White "Hartman, Brian"]
[Black "Nickoloff, Bryon"]
[Result "0-1"]
[WhiteElo "2231"]
[BlackElo "2365"]
[PlyCount "78"]
[EventDate "1981.??.??"]
[EventType "team"]
[EventCountry "CAN"]
[WhiteTeam "Hart House"]
[BlackTeam "The Rockazoids"]

1. e4 e6 2. d4 d5 3. Nd2 Nf6 4. e5 Nfd7 5. Ngf3 f6 6. Bd3 Nc6 7. O-O Be7 8. Re1
fxe5 9. Nxe5 Ndxe5 10. dxe5 Nb4 11. Qh5+ Kd7 12. Nf3 Nxd3 13. cxd3 h6 14. Qg4
Qf8 15. Qg6 Bb4 16. Bd2 Bxd2 17. Nxd2 Rg8 18. Nb3 Qe8 19. Qg4 b6 20. Rac1 Bb7
21. Nd4 a6 22. b4 Rc8 23. Rc2 g5 24. Rec1 c6 25. a4 Rf8 26. g3 Qf7 27. a5 c5
28. bxc5 bxc5 29. Rb1 Ba8 30. Nb3 d4 31. Nxd4 h5 32. Qe2 cxd4 33. Rb6 Qf3 34.
Rd6+ Ke7 35. Qxf3 Bxf3 36. Rc4 Rxc4 37. dxc4 Rb8 38. Rb6 Rxb6 39. axb6 d3 0-1

[Event "Jalapa"]
[Site "MEX"]
[Date "1980.??.??"]
[Round "?"]
[White "Nickoloff, Bryon"]
[Black "Sisniega, Marcel"]
[Result "0-1"]
[WhiteElo "2410"]
[BlackElo "2435"]
[PlyCount "152"]
[EventDate "1980.??.??"]
[EventCountry "MEX"]

1. Nf3 Nf6 2. c4 e6 3. Nc3 c5 4. g3 b6 5. Bg2 Bb7 6. O-O Be7 7. b3 O-O 8. Bb2
d6 9. Rc1 Nbd7 10. Re1 a6 11. a3 d5 12. e3 Rc8 13. d3 Rc7 14. Qe2 Qa8 15. e4 d4
16. Nd1 Ne8 17. Nd2 e5 18. Bh3 Bg5 19. Rc2 Bxd2 20. Qxd2 Nd6 21. Bxd7 Rxd7 22.
f4 f5 23. fxe5 fxe4 24. exd6 Rxd6 25. dxe4 Bxe4 26. Nf2 Bxc2 27. Qxc2 Qf3 28.
Qe2 Rdf6 29. Nd3 Qxe2 30. Rxe2 Rf3 31. Rd2 Re3 32. b4 Rff3 33. Nf4 Re1+ 34. Kg2
Rb3 35. Bxd4 cxd4 36. Rxd4 Rxa3 37. Rd6 Rc1 38. Rxb6 Rxc4 39. Rb8+ Kf7 40. Rb7+
Kf6 41. h4 Rb3 42. Nh5+ Kg6 43. Nf4+ Kh6 44. Rb6+ g6 45. Rxa6 Rcc3 46. Ne2 Rc2
47. Re6 Kg7 48. Re4 Rcb2 49. Kh3 Rxb4 50. Re5 Kf6 51. Re8 Rb8 52. Re4 R8b4 53.
Re8 Kf7 54. Re5 R2b3 55. Kg2 Ra3 56. Kh3 Rbb3 57. Rc5 Re3 58. Rc2 Kf6 59. Kg2
Kf5 60. Rc5+ Re5 61. Rc2 Rae3 62. Ng1 Kg4 63. Kf2 R5e4 64. Rc5 h6 65. Rc6 g5
66. hxg5 hxg5 67. Rc5 Ra3 68. Rc2 Rxg3 69. Ne2 Rh3 70. Kg2 Rhe3 71. Ng1 Rb3 72.
Ra2 Reb4 73. Kh1 Rb2 74. Ra8 Kg3 75. Ra3+ R4b3 76. Ne2+ Kf2 0-1

[Event "Eaton Centre simult"]
[Site "Toronto CAN"]
[Date "1979.05.09"]
[Round "?"]
[White "Karpov, Anatoly"]
[Black "Nickoloff, Bryon"]
[Result "0-1"]
[WhiteElo "2705"]
[BlackElo "2325"]
[PlyCount "80"]
[EventDate "1979.05.09"]
[EventType "simul"]
[EventCountry "CAN"]

1. c4 e6 2. Nc3 c5 3. Nf3 b6 4. g3 Bb7 5. Bg2 Nf6 6. O-O Be7 7. d4 cxd4 8. Qxd4
d6 9. Rd1 a6 10. Ng5 Bxg2 11. Kxg2 Nc6 12. Qd2 Qc7 13. b3 Qb7 14. f3 Rd8 15.
Bb2 d5 16. cxd5 exd5 17. Qf4 h6 18. Nxf7 Kxf7 19. Nxd5 Qb8 20. Qxb8 Rxb8 21.
Nxe7 Nxe7 22. e4 Rhd8 23. Kf2 Rbc8 24. Rxd8 Rxd8 25. Ke3 Rc8 26. Kd2 g5 27. Rf1
Ke6 28. Bd4 b5 29. a4 bxa4 30. bxa4 Rc4 31. Ke3 Rxa4 32. Rb1 Nd7 33. f4 Nc6 34.
f5+ Kd6 35. Bc3 Nc5 36. e5+ Nxe5 37. Rd1+ Kc6 38. h3 Ra3 39. Kd4 Nf3+ 40. Kc4
Ra4+ 0-1

[Event "Olympiad"]
[Site "Buenos Aires ARG"]
[Date "1978.10.27"]
[Round "3"]
[White "Nickoloff, Bryon"]
[Black "Tarjan, James"]
[Result "0-1"]
[WhiteElo "2325"]
[BlackElo "2510"]
[PlyCount "72"]
[EventDate "1978.10.25"]
[EventType "team"]
[EventRounds "14"]
[EventCountry "ARG"]

1. Nf3 c5 2. b3 d6 3. c4 e5 4. Nc3 Nc6 5. g3 g6 6. Bg2 Bg7 7. Bb2 Nge7 8. d3
O-O 9. O-O h6 10. Ne1 Be6 11. Nd5 Qd7 12. e3 Bh3 13. Nxe7+ Nxe7 14. Bxh3 Qxh3
15. Qf3 Qd7 16. Rd1 Nc6 17. Qg2 f5 18. Nc2 Kh7 19. d4 exd4 20. exd4 f4 21. Rfe1
f3 22. Qf1 Rae8 23. Rd2 Rxe1 24. Qxe1 cxd4 25. Bxd4 Re8 26. Qf1 Nxd4 27. Nxd4
Bxd4 28. Rxd4 Re2 29. Rd3 Qe6 30. Re3 Rxe3 31. fxe3 Qxe3+ 32. Qf2 Qc1+ 33. Qf1
Qe3+ 34. Qf2 Qc3 35. g4 Kg7 36. Qg3 Qa1+ 0-1

[Event "Olympiad"]
[Site "Buenos Aires ARG"]
[Date "1978.10.30"]
[Round "5"]
[White "Upton, Timothy"]
[Black "Nickoloff, Bryon"]
[Result "1/2-1/2"]
[WhiteElo "2200"]
[BlackElo "2325"]
[PlyCount "128"]
[EventDate "1978.10.25"]
[EventType "team"]
[EventRounds "14"]
[EventCountry "ARG"]

1. e4 c5 2. Nf3 Nc6 3. d4 cxd4 4. Nxd4 Nf6 5. Nc3 e5 6. Ndb5 d6 7. Bg5 a6 8.
Na3 Be6 9. Bxf6 gxf6 10. Bc4 b5 11. Bxe6 fxe6 12. Qh5+ Ke7 13. Ne2 Qe8 14. Qf3
Qg6 15. O-O Rg8 16. g3 Bh6 17. Rad1 Qg4 18. Qd3 Rgd8 19. c3 d5 20. exd5 e4 21.
d6+ Kf7 22. Qc2 Ne5 23. h3 Qg6 24. c4 Rac8 25. c5 Nd3 26. b4 Nxb4 27. Qc3 Nd3
28. Qa5 Qh5 29. d7 Rxd7 30. Qxa6 Qxc5 31. Qxb5 Ra7 32. Qxc5 Rxc5 33. Nb1 Rc2
34. Nd4 Rcxa2 35. Nc3 Nxf2 36. Rxf2 Be3 37. Nde2 Ra1 38. Rxa1 Rxa1+ 39. Kg2
Bxf2 40. Kxf2 f5 41. Nf4 Ra3 42. Nfe2 Kf6 43. Ke3 Ke5 44. Kf2 Rb3 45. Ke3 Kd6
46. Kf4 Ke7 47. g4 Kf6 48. gxf5 e5+ 49. Kxe4 Rb4+ 50. Kf3 Kxf5 51. Ne4 Rb3+ 52.
N2c3 Ra3 53. Kg3 h6 54. Kf3 Rb3 55. Kg3 Kg6 56. Kg4 Rb4 57. h4 h5+ 58. Kf3 Rd4
59. Ne2 Rd3+ 60. Kg2 Kf5 61. Nf2 Rd2 62. Kf3 e4+ 63. Ke3 Rxe2+ 64. Kxe2 Kf4
1/2-1/2

[Event "Olympiad"]
[Site "Buenos Aires ARG"]
[Date "1978.11.01"]
[Round "7"]
[White "Nickoloff, Bryon"]
[Black "Perez Nivar, Marco"]
[Result "1/2-1/2"]
[WhiteElo "2325"]
[BlackElo "2210"]
[PlyCount "116"]
[EventDate "1978.10.25"]
[EventType "team"]
[EventRounds "14"]
[EventCountry "ARG"]

1. e4 c5 2. Nf3 d6 3. d4 cxd4 4. Nxd4 Nf6 5. Nc3 a6 6. Be2 e6 7. O-O Be7 8. Be3
O-O 9. f4 Qc7 10. Qe1 Nc6 11. Qg3 Bd7 12. Rad1 Kh8 13. Nb3 b5 14. e5 Ne8 15.
Ne4 Rd8 16. exd6 Nxd6 17. f5 e5 18. f6 gxf6 19. Nxd6 Bxd6 20. Qf2 f5 21. Bb6
Qb8 22. Bxd8 Rxd8 23. Qh4 Be7 24. Qh5 Be6 25. Rxd8+ Qxd8 26. c3 Qb6+ 27. Kh1
Qe3 28. Qf3 Qb6 29. Qf2 Qxf2 30. Rxf2 Kg7 31. Rf1 Kg6 32. Bd3 h5 33. Kg1 h4 34.
Re1 Kg5 35. Nc1 e4 36. Be2 Bc5+ 37. Kf1 f4 38. Nb3 Be3 39. Rd1 h3 40. Rd6 hxg2+
41. Kxg2 f3+ 42. Bxf3 exf3+ 43. Kxf3 Ba7 44. Nd2 Bg4+ 45. Kg2 Ne5 46. Rxa6 Be3
47. h3 Bc8 48. Rd6 Bb7+ 49. Kf1 f5 50. b3 Kh4 51. Ke2 f4 52. Re6 b4 53. Rxe5
bxc3 54. Rxe3 fxe3 55. Kxe3 c2 56. Nf3+ Bxf3 57. Kd2 Be4 58. a4 Kxh3 1/2-1/2

[Event "Olympiad"]
[Site "Buenos Aires ARG"]
[Date "1978.11.06"]
[Round "11"]
[White "Nickoloff, Bryon"]
[Black "Riego Prieto, Victorio"]
[Result "1/2-1/2"]
[WhiteElo "2325"]
[BlackElo "2250"]
[PlyCount "114"]
[EventDate "1978.10.25"]
[EventType "team"]
[EventRounds "14"]
[EventCountry "ARG"]

1. e4 g6 2. d4 Bg7 3. c4 c5 4. Nf3 cxd4 5. Nxd4 Nc6 6. Be3 Nf6 7. Nc3 d6 8. Be2
Bd7 9. Qd2 Rc8 10. f3 O-O 11. O-O a6 12. Rfd1 Ne5 13. b3 Re8 14. Nd5 e6 15.
Nxf6+ Bxf6 16. Rac1 g5 17. Nc2 Be7 18. a4 b6 19. Nb4 a5 20. Nd3 Ng6 21. Nf2 Bc6
22. Qd4 Nf4 23. Bf1 Rb8 24. Ng4 f6 25. g3 Ng6 26. Bh3 h5 27. Nf2 Bf8 28. Qd2
Ne5 29. Qe2 f5 30. f4 gxf4 31. Bxf4 Ng4 32. Nxg4 hxg4 33. Bg2 Rb7 34. Re1 Rh7
35. exf5 exf5 36. Bd5+ Kh8 37. Qd3 Bd7 38. Bd2 Bg7 39. Bc3 Be5 40. Re2 Qf6 41.
Rce1 Rhe7 42. Bd2 Bd4+ 43. Kf1 Rxe2 44. Rxe2 Rxe2 45. Kxe2 Kh7 46. Kd1 Kg6 47.
Qf1 Bc5 48. Qf4 Kh7 49. Kc2 Bd4 50. Kd3 Bc5 51. Kc2 Bd4 52. Kd3 Bc5 53. Bc3 Qh6
54. Bg8+ Kg6 55. Bf7+ Kh7 56. Bg8+ Kg6 57. Bf7+ Kh7 1/2-1/2

[Event "WTch-U26"]
[Site "Mexico City MEX"]
[Date "1978.08.21"]
[Round "1"]
[White "Nickoloff, Bryon"]
[Black "Pazos Gambarrotti, Plinio"]
[Result "1-0"]
[WhiteElo "2280"]
[BlackElo "2240"]
[PlyCount "116"]
[EventDate "1978.08.15"]
[EventType "team"]
[EventRounds "12"]
[EventCountry "MEX"]

1. Nf3 Nf6 2. g3 g6 3. Bg2 Bg7 4. O-O O-O 5. c4 c5 6. Nc3 Nc6 7. d4 cxd4 8.
Nxd4 Nxd4 9. Qxd4 d6 10. Qd2 a6 11. Rd1 Qc7 12. b3 Be6 13. Bb2 Rfc8 14. Rac1
Rab8 15. e4 Qa5 16. Ne2 Qxd2 17. Rxd2 b5 18. cxb5 Rxc1+ 19. Nxc1 axb5 20. Rc2
Ne8 21. Bxg7 Kxg7 22. Nd3 f5 23. e5 dxe5 24. Nxe5 Rd8 25. f4 Rd1+ 26. Kf2 Kf6
27. Bf3 Rd8 28. Ke3 Rd6 29. Be2 Rb6 30. Rc6 Rb7 31. Bf3 Ra7 32. Rc2 Nd6 33. Nc6
Ra6 34. Kd4 h6 35. Kc5 g5 36. Kb4 Bf7 37. Re2 Be6 38. a3 Nc8 39. Nd4 Bd7 40.
Re5 Nd6 41. Be2 Rb6 42. Bf3 Ra6 43. Rc5 Ra7 44. Bc6 Bxc6 45. Rxc6 Rb7 46. Rc5
Rb8 47. Re5 Rg8 48. Re6+ Kf7 49. Rxh6 gxf4 50. gxf4 Rg4 51. Ne6 Ke8 52. h3 Rg3
53. h4 Kd7 54. h5 Re3 55. Nf8+ Kc6 56. Re6 Rf3 57. Ng6 Rh3 58. h6 Kd5 1-0

[Event "WTch-U26"]
[Site "Mexico City MEX"]
[Date "1978.08.26"]
[Round "1"]
[White "Nickoloff, Bryon"]
[Black "Swanson, Stephen"]
[Result "1-0"]
[WhiteElo "2280"]
[BlackElo "2215"]
[PlyCount "109"]
[EventDate "1978.08.15"]
[EventType "team"]
[EventRounds "12"]
[EventCountry "MEX"]

1. Nf3 Nf6 2. c4 d6 3. d4 Nbd7 4. Nc3 e5 5. e4 Be7 6. g3 O-O 7. Bg2 Re8 8. O-O
a6 9. d5 b5 10. Nd2 Nb6 11. a4 b4 12. Ne2 a5 13. b3 Nfd7 14. Bh3 Nc5 15. Bxc8
Qxc8 16. Qc2 c6 17. f3 Nbd7 18. dxc6 Qxc6 19. Rf2 Bd8 20. Nf1 Bb6 21. Be3 Rac8
22. Rd1 Red8 23. Kg2 Nf6 24. Nc1 Ne8 25. Rfd2 Nc7 26. Ne2 N7e6 27. Bg1 f5 28.
exf5 e4 29. fxe4 Nxe4 30. Rd5 Nf6 31. fxe6 Nxd5 32. Kh3 Bxg1 33. Nxg1 Nf6 34.
Re1 Re8 35. Qe2 Re7 36. Nf3 Rce8 37. Nd4 Qc5 38. Qd1 g6 39. Ne3 Kg7 40. Rf1 Qg5
41. Qd2 Kg8 42. Rf4 Qe5 43. Kg2 Rc8 44. Qf2 Ne4 45. Qb2 Rf8 46. Ng4 Qg7 47.
Rxe4 Ree8 48. Qe2 Qb7 49. Nf3 h5 50. e7 Rxf3 51. Qxf3 hxg4 52. Qxg4 Kg7 53. Qe6
Qc6 54. h4 Qc5 55. Rf4 {time} 1-0

[Event "WTch-U26"]
[Site "Mexico City MEX"]
[Date "1978.08.27"]
[Round "2"]
[White "Beliavsky, Alexander"]
[Black "Nickoloff, Bryon"]
[Result "1-0"]
[WhiteElo "2545"]
[BlackElo "2280"]
[PlyCount "91"]
[EventDate "1978.08.15"]
[EventType "team"]
[EventRounds "12"]
[EventCountry "MEX"]

1. e4 c5 2. Nf3 Nc6 3. d4 cxd4 4. Nxd4 Nf6 5. Nc3 e6 6. Ndb5 d6 7. Bf4 e5 8.
Bg5 a6 9. Na3 Be6 10. Nc4 Rc8 11. Ne3 Be7 12. Bc4 Nd4 13. Bb3 O-O 14. Bxf6 Bxf6
15. Ncd5 Bg5 16. c3 Nxb3 17. axb3 Bxe3 18. Nxe3 Qb6 19. b4 Qc6 20. Qd3 Bc4 21.
Nxc4 Qxc4 22. Rd1 Rfd8 23. O-O Qxd3 24. Rxd3 Kf8 25. f4 Ke7 26. Rg3 Kf8 27.
Rgf3 exf4 28. Rxf4 f6 29. Rd1 Ke7 30. Kf2 Re8 31. Rg4 g5 32. Rg3 Kd7 33. Rd4 h5
34. Rf3 Re6 35. Rf5 b6 36. Kf3 Ke7 37. Rfd5 b5 38. Ke3 Rc6 39. Rf5 Rc8 40. Kd3
Re5 41. Rf1 Ke6 42. b3 Rb8 43. g3 Rb6 44. h3 d5 45. exd5+ Kd7 46. g4 1-0

[Event "WTch-U26"]
[Site "Mexico City MEX"]
[Date "1978.08.24"]
[Round "3"]
[White "Nickoloff, Bryon"]
[Black "Rodriguez Cespedes, Amador"]
[Result "1/2-1/2"]
[WhiteElo "2280"]
[BlackElo "2430"]
[PlyCount "76"]
[EventDate "1978.08.15"]
[EventType "team"]
[EventRounds "12"]
[EventCountry "MEX"]

1. Nf3 Nf6 2. c4 g6 3. Nc3 Bg7 4. e4 d6 5. d4 O-O 6. Be2 e5 7. O-O Nc6 8. d5
Ne7 9. Ne1 Nd7 10. Nd3 f5 11. f3 f4 12. Bd2 g5 13. Rc1 Ng6 14. c5 dxc5 15. Nb5
a6 16. Na3 b6 17. b4 cxb4 18. Nxb4 Nc5 19. Nc6 Qf6 20. Bb4 Re8 21. Bxc5 bxc5
22. Rxc5 Bf8 23. Ra5 h5 24. Nc4 Kg7 25. d6 Bxd6 26. Nxd6 cxd6 27. Rd5 Re6 28.
Qb1 Ne7 29. Nxe7 Qxe7 30. Rfd1 Bb7 31. Rxd6 Rxd6 32. Rxd6 Qxd6 33. Qxb7+ Kf6
34. Qxa8 Qc5+ 35. Kf1 Qc1+ 36. Kf2 Qe3+ 37. Ke1 Qc1+ 38. Bd1 Qe3+ 1/2-1/2

[Event "WTch-U26"]
[Site "Mexico City MEX"]
[Date "1978.08.29"]
[Round "4"]
[White "Mestel, Andrew Jonathan"]
[Black "Nickoloff, Bryon"]
[Result "1/2-1/2"]
[WhiteElo "2450"]
[BlackElo "2280"]
[PlyCount "91"]
[EventDate "1978.08.15"]
[EventType "team"]
[EventRounds "12"]
[EventCountry "MEX"]

1. e4 e5 2. Nf3 Nc6 3. Bb5 a6 4. Ba4 Nf6 5. O-O Be7 6. Bxc6 dxc6 7. d3 Nd7 8.
Nbd2 O-O 9. Nc4 Bd6 10. d4 Qe7 11. Re1 Re8 12. c3 c5 13. dxe5 Nxe5 14. Nfxe5
Bxe5 15. Qf3 f5 16. Bf4 Bxf4 17. Qxf4 fxe4 18. Nd2 Be6 19. Nxe4 Bd5 20. f3 Rad8
21. a3 Bxe4 22. Rxe4 Qd6 23. Qe3 Rxe4 24. Qxe4 Qd5 25. Qe7 Qd6 26. Qe2 h6 27.
Re1 Qd2 28. Kf1 Qxe2+ 29. Rxe2 Kf7 30. Ke1 Kf6 31. Re4 Rd6 32. Kf2 Rd2+ 33. Re2
Rd3 34. Kg3 b5 35. Kf4 c4 36. h4 Rd1 37. g4 g5+ 38. hxg5+ hxg5+ 39. Ke4 Ke6 40.
f4 gxf4 41. Kxf4+ Kf6 42. g5+ Kf7 43. Rh2 c5 44. Rh7+ Kf8 45. a4 Rd2 46. axb5
1/2-1/2

[Event "WTch-U26"]
[Site "Mexico City MEX"]
[Date "1978.08.31"]
[Round "5"]
[White "Nickoloff, Bryon"]
[Black "Garcia Gonzales, Guillermo"]
[Result "0-1"]
[WhiteElo "2280"]
[BlackElo "2535"]
[PlyCount "108"]
[EventDate "1978.08.15"]
[EventType "team"]
[EventRounds "12"]
[EventCountry "MEX"]

1. e4 e6 2. d3 d5 3. Nd2 c5 4. g3 Nc6 5. Bg2 Nge7 6. Ngf3 g6 7. O-O Bg7 8. Re1
O-O 9. e5 Qc7 10. Qe2 Bd7 11. c3 b6 12. h4 f6 13. exf6 Rxf6 14. Nf1 Raf8 15.
N1h2 e5 16. Bg5 R6f7 17. Rf1 h6 18. Bd2 Qd6 19. Rae1 a5 20. Bc1 b5 21. Kh1 c4
22. dxc4 bxc4 23. Ng1 Bf5 24. Ng4 Kh7 25. Nh3 Qd7 26. f3 Bd3 27. Qd2 Nf5 28.
Kh2 Bxf1 29. Rxf1 Nd8 30. Qe2 Re7 31. Rd1 Qc6 32. Qc2 Kh8 33. Ne3 Nxe3 34. Bxe3
Nf7 35. Qd2 Rd8 36. f4 e4 37. Nf2 h5 38. Bh3 Nh6 39. Qe2 Rf8 40. Bd4 e3 41.
Bxg7+ Kxg7 42. Bg2 Qc5 43. Nh3 Ng4+ 44. Kg1 Rd8 45. Rd4 a4 46. Ng5 a3 47. bxa3
Rb8 48. Bxd5 Rb1+ 49. Kg2 Qxa3 50. Be4 Rb2 51. Bc2 Qxa2 52. Rd2 Qa8+ 53. Nf3
Qb7 54. Rd6 Qe4 0-1

[Event "WTch-U26"]
[Site "Mexico City MEX"]
[Date "1978.09.02"]
[Round "6"]
[White "Garcia, Gildardo"]
[Black "Nickoloff, Bryon"]
[Result "1-0"]
[WhiteElo "2365"]
[BlackElo "2280"]
[PlyCount "73"]
[EventDate "1978.08.15"]
[EventType "team"]
[EventRounds "12"]
[EventCountry "MEX"]

1. e4 c5 2. Nf3 Nc6 3. d4 cxd4 4. Nxd4 Nf6 5. Nc3 e6 6. Ndb5 d6 7. Bf4 e5 8.
Bg5 a6 9. Bxf6 gxf6 10. Na3 b5 11. Nd5 f5 12. exf5 Bxf5 13. c3 Be6 14. Nc2 Bxd5
15. Qxd5 Ne7 16. Qd1 Bg7 17. a4 O-O 18. Bd3 bxa4 19. Rxa4 a5 20. Ne3 d5 21. O-O
e4 22. Be2 Kh8 23. Qc2 Qb6 24. Ra2 Bh6 25. Ng4 Bf4 26. g3 Bc7 27. Qd2 Rab8 28.
h4 f5 29. h5 Qc5 30. Ne3 f4 31. gxf4 Rxf4 32. Ng2 Rg8 33. Kh1 Rf6 34. f4 exf3
35. Rxf3 Qd6 36. Rh3 Qe6 37. Qe3 {
(...51) Scoresheet illegible. Previous move order doubtful.} 1-0

[Event "WTch-U26"]
[Site "Mexico City MEX"]
[Date "1978.09.03"]
[Round "7"]
[White "Nickoloff, Bryon"]
[Black "Rogoff, Kenneth"]
[Result "0-1"]
[WhiteElo "2280"]
[BlackElo "2520"]
[PlyCount "80"]
[EventDate "1978.08.15"]
[EventType "team"]
[EventRounds "12"]
[EventCountry "MEX"]

1. d4 Nf6 2. c4 e6 3. Nf3 c5 4. d5 exd5 5. cxd5 d6 6. Nc3 g6 7. e4 Bg7 8. Bg5
h6 9. Bh4 a6 10. Nd2 b5 11. a4 b4 12. Ncb1 Qe7 13. Bd3 g5 14. Bg3 Nxd5 15. Nc4
Nf4 16. Bxf4 gxf4 17. Nb6 Bb7 18. Nxa8 Bxa8 19. O-O Bxb2 20. Ra2 Be5 21. Nd2
Kf8 22. Bc4 Rg8 23. Qh5 Rg6 24. Rd1 Nd7 25. Bxa6 Nf6 26. Qf5 Kg7 27. Qc8 Bxe4
28. Nxe4 Nxe4 29. Bd3 f3 30. g3 Bd4 31. Qf5 b3 32. Rb2 Nc3 33. Qxf3 Nxd1 34.
Re2 Qf6 35. Qa8 Rg5 36. Qe4 Nxf2 37. Qh7+ Kf8 38. Bb5 Re5 39. Kg2 Rxe2 40. Bxe2
Qg6 0-1

[Event "WTch-U26"]
[Site "Mexico City MEX"]
[Date "1978.09.06"]
[Round "9"]
[White "Nickoloff, Bryon"]
[Black "Villarreal, Jose Felix"]
[Result "1/2-1/2"]
[WhiteElo "2280"]
[BlackElo "2325"]
[PlyCount "130"]
[EventDate "1978.08.15"]
[EventType "team"]
[EventRounds "12"]
[EventCountry "MEX"]

1. d4 Nf6 2. c4 g6 3. Nc3 Bg7 4. e4 d6 5. Be2 O-O 6. Bg5 h6 7. Be3 Nbd7 8. Qd2
Kh7 9. h4 e5 10. Nh3 exd4 11. Bxd4 Re8 12. f3 Ne5 13. Nf4 a6 14. O-O-O Bd7 15.
g4 Ng8 16. Nfd5 b5 17. f4 Nxc4 18. Bxc4 Bxd4 19. Qxd4 bxc4 20. f5 Re5 21. Qxc4
Bb5 22. Qxc7 Qxc7 23. Nxc7 Rc8 24. N7xb5 axb5 25. fxg6+ fxg6 26. a3 Nf6 27.
Rxd6 Nxe4 28. Re1 Rc7 29. Rd2 b4 30. axb4 Nxd2 31. Rxe5 Nf3 32. Rc5 Rb7 33. b5
Nxh4 34. Nd5 h5 35. gxh5 gxh5 36. b6 Kg6 37. Rc7 Rb8 38. Ne7+ Kf6 39. Rc8 Rb7
40. Rc7 Rb8 41. b7 Ke6 42. Nc8 Nf5 43. Na7 Kd6 44. Nb5+ Ke6 45. Kd2 h4 46. Kc3
h3 47. Rh7 h2 48. Rxh2 Rxb7 49. Kc4 Rg7 50. Rd2 Rg2 51. Nc7+ Ke5 52. Rxg2 Ne3+
53. Kc5 Nxg2 54. b4 Nf4 55. b5 Nd3+ 56. Kc6 Nb2 57. Na6 Nc4 58. Nc5 Na5+ 59.
Kc7 Kd5 60. Na6 Nc4 61. Kd7 Nb6+ 62. Kc7 Nc4 63. Kb8 Na3 64. b6 Nc4 65. Nb4+
Ke4 1/2-1/2

[Event "Toronto op"]
[Site "Toronto CAN"]
[Date "1978.03.25"]
[Round "3"]
[White "Pacey, Kevin"]
[Black "Nickoloff, Bryon"]
[Result "0-1"]
[WhiteElo "1869"]
[BlackElo "2307"]
[PlyCount "66"]
[EventDate "1978.03.24"]
[EventType "swiss"]
[EventCountry "CAN"]

1. Nf3 Nf6 2. g3 e6 3. Bg2 d5 4. O-O Be7 5. d3 c5 6. c4 Nc6 7. cxd5 exd5 8. Bf4
O-O 9. d4 Re8 10. Nc3 Bf5 11. Rc1 Qa5 12. dxc5 Bxc5 13. a3 Be7 14. Nd4 Nxd4 15.
Qxd4 Rad8 16. Be3 b6 17. Qf4 Be6 18. Bd4 Rd7 19. Rfd1 Red8 20. Rc2 h6 21. Qd2
Ne4 22. Nxe4 dxe4 23. Qxa5 bxa5 24. e3 Bb3 25. Bxe4 Bf6 26. Rdc1 Bxc2 27. Rxc2
Bxd4 28. exd4 Rxd4 29. Bf3 Rd2 30. Rc7 Rxb2 31. Rxa7 Rb3 32. Be4 Rxa3 33. Kf1
g6 0-1

[Event "Toronto Closed"]
[Site "Toronto CAN"]
[Date "1978.02.??"]
[Round "?"]
[White "Day, Lawrence"]
[Black "Nickoloff, Bryon"]
[Result "0-1"]
[WhiteElo "2404"]
[BlackElo "2307"]
[PlyCount "72"]
[EventDate "1978.01.??"]
[EventType "tourn"]
[EventRounds "11"]
[EventCountry "CAN"]

1. e4 e5 2. Nc3 Nf6 3. g3 d5 4. exd5 Bg4 5. Be2 Bf5 6. Bf3 Bb4 7. g4 Bg6 8. g5
Nfd7 9. a3 Ba5 10. d3 O-O 11. h4 e4 12. dxe4 Bxc3+ 13. bxc3 Re8 14. Qe2 Nc5 15.
e5 Nbd7 16. e6 fxe6 17. Be3 Qe7 18. dxe6 Ne5 19. Bd5 Rad8 20. Ba2 Nxe6 21. h5
Be4 22. Rh4 Bd5 23. Bxd5 Rxd5 24. f4 Nf7 25. Kf2 Nc5 26. Rh3 Qd7 27. g6 Nh6 28.
gxh7+ Kh8 29. Qc4 Ng4+ 30. Ke2 b5 31. Qa2 Qe6 32. Kf1 Nxe3+ 33. Rxe3 Qxe3 34.
Qxd5 Ne4 35. Qd4 Qxf4+ 36. Ke1 Nxc3+ 0-1

[Event "Toronto Closed"]
[Site "Toronto CAN"]
[Date "1978.??.??"]
[Round "?"]
[White "Kaminker, Harry"]
[Black "Nickoloff, Bryon"]
[Result "1-0"]
[WhiteElo "2206"]
[BlackElo "2307"]
[PlyCount "63"]
[EventDate "1978.01.??"]
[EventType "tourn"]
[EventRounds "11"]
[EventCountry "CAN"]

1. e4 c5 2. Nf3 Nc6 3. d4 cxd4 4. Nxd4 Nf6 5. Nc3 e6 6. Ndb5 d6 7. Bf4 e5 8.
Bg5 a6 9. Na3 Be6 10. Nc4 Rc8 11. Bxf6 gxf6 12. Ne3 Nd4 13. Bd3 Bh6 14. Qh5 Bf4
15. g3 Qb6 16. O-O Bxe3 17. fxe3 Qxb2 18. Nd5 Nxc2 19. Rab1 Qa3 20. Rxf6 Bxd5
21. exd5 Rc7 22. Bxc2 Rxc2 23. Qxf7+ Kd8 24. Rb3 Qc5 25. Rf1 Re8 26. Qxb7 Qc7
27. Qa8+ Ke7 28. Qxa6 Rb8 29. Rxb8 Qxb8 30. Qd3 Qb2 31. Qxh7+ Ke8 32. Qg8+ 1-0

[Event "Toronto Closed"]
[Site "Toronto CAN"]
[Date "1978.??.??"]
[Round "?"]
[White "Nickoloff, Bryon"]
[Black "Janicki, Paul"]
[Result "1-0"]
[WhiteElo "2307"]
[BlackElo "2137"]
[PlyCount "65"]
[EventDate "1978.01.??"]
[EventType "tourn"]
[EventRounds "11"]
[EventCountry "CAN"]

1. e4 c5 2. d3 Nc6 3. g3 g6 4. Bg2 Bg7 5. f4 d6 6. Nh3 Nf6 7. Nf2 Bd7 8. Nd2 b5
9. g4 Qc8 10. h3 Rb8 11. Nf1 h6 12. Ng3 a5 13. a3 a4 14. c3 Na5 15. Be3 Nb3 16.
Rb1 Bc6 17. O-O d5 18. e5 d4 19. exf6 dxe3 20. fxg7 exf2+ 21. Rxf2 Rg8 22. f5
Rxg7 23. Qe2 Kf8 24. fxg6 Rxg6 25. Rbf1 f6 26. Nf5 Rb7 27. Nxe7 Rxe7 28. Rxf6+
Rxf6 29. Rxf6+ Ke8 30. Bxc6+ Qxc6 31. Qxe7+ Kxe7 32. Rxc6 Kd7 33. Rb6 1-0

[Event "Toronto Closed"]
[Site "Toronto CAN"]
[Date "1978.??.??"]
[Round "?"]
[White "Nurmi, Peter"]
[Black "Nickoloff, Bryon"]
[Result "0-1"]
[WhiteElo "2211"]
[BlackElo "2307"]
[PlyCount "80"]
[EventDate "1978.01.??"]
[EventType "tourn"]
[EventRounds "11"]
[EventCountry "CAN"]

1. e4 c5 2. Nf3 Nc6 3. d4 cxd4 4. Nxd4 Nf6 5. Nc3 e6 6. Ndb5 d6 7. Bf4 e5 8.
Bg5 a6 9. Bxf6 gxf6 10. Na3 b5 11. Nd5 f5 12. Bd3 Be6 13. Qh5 Bg7 14. O-O f4
15. Rfd1 O-O 16. c3 Nb8 17. Nc2 Nd7 18. Ncb4 Nf6 19. Nxf6+ Bxf6 20. a4 bxa4 21.
Nd5 Kh8 22. Rxa4 Rg8 23. h3 Rg6 24. Rda1 Qg8 25. Qf3 Qg7 26. Nxf6 Qxf6 27. Rxa6
Rag8 28. Ra8 Bc8 29. Ba6 Qg7 30. Bxc8 Rxg2+ 31. Kf1 Rg1+ 32. Ke2 Rxa1 33. Rxa1
Rxc8 34. Qg4 Rb8 35. b4 Qf6 36. Ra7 d5 37. exd5 e4 38. Rc7 Qa6+ 39. Ke1 Rg8 40.
Qxf4 Rg1+ 0-1